[Event "10th Essent"]
[Site "Hoogeveen NED"]
[Date "2006.10.23"]
[Round "2"]
[White "Sokolov, Iv"]
[Black "Mamedyarov, S."]
[Result "0-1"]
[WhiteElo "2670"]
[BlackElo "2728"]
[PlyCount "64"]
[EventDate "2006.10.22"]

1. d4 g6 2. e4 Bg7 3. Nf3 d6 4. c3 Nf6 5. Bd3 O-O 6. O-O Nbd7 7. Re1 e5 8. Bg5
h6 9. Bh4 b6 10. a4 a6 11. Nbd2 Bb7 12. dxe5 dxe5 13. Nc4 Qe8 14. b4 Nh5 15.
Ne3 Nf4 16. Bb1 Nf6 17. Nc4 Rd8 18. Qc1 g5 19. Bg3 Nxe4 20. Bxe4 Bxe4 21. Rxe4
Qc6 22. Qc2 f5 23. Bxf4 fxe4 24. Nfxe5 Qe6 25. Bg3 b5 26. axb5 axb5 27. Qxe4
bxc4 28. Qxc4 Qxc4 29. Nxc4 Bxc3 30. Rc1 Rd4 31. Ne3 Bd2 32. Be5 Re4 0-1